Musik Allgemeinwissen Quiz #8 - Statistiken

Allgemein
  • Dieses Quiz wurde 172 mal gespielt
  • Das Durchschnittsergebnis liegt bei 9 aus 20
Antwortstatistiken
Frage Antwort % Korrekt
Von welchem Kontinent stammt die Vuvuzela? Afrika
88%
Wer war der "King of Pop", der im Alter von 7 Jahren seine Musikkarriere begann? Michael Jackson
88%
Welche Stadt besingt Seeed als "Dickes B" Berlin
84%
In welchem Jahr gewann Deutschland zuletzt den Eurovision Song Contest? 2010
76%
Aus welchem Land stammt Joost Klein, der 2024 vom ESC ausgeschlossen wurde? Niederlande
75%
Wie heißt der Frontmann der deutschen EDM-Band Scooter? H. P. Baxxter
65%
Wofür steht bei Mickie Krause die Abkürzung GmBh? Geh mal Bier hol'n
54%
Wie heißt die erste Single der Spice Girls, die meistverkaufte Single einer Girlgroup? Wannabe
54%
Von welchem Sänger stammen Hits wie "Subeme La Radio", "Hero" oder "Bailamos"? Enrique Iglesias
43%
Wie nennt man die Haaren bespannte Holzstange, mit der man Geige spielt? Bogen
38%
Führen Sie den Vers weiter: "Ich lass für dich das Licht an,...?" obwohl's mir zu hell ist
37%
Welcher DJ ähnelt mit seiner Verkleidung einer Süßigkeit? Marshmello
35%
In welchem Hit erzählt Olivia Rodrigo, dass sie als Fahranfängerin im Auto weint? Drivers License
33%
Welcher Musiker hatte 1954 mit "That’s All Right" seinen ersten Hit? Elvis Presley
33%
Wie heißt das erste Album der Rolling Stones? The Rolling Stones
28%
Unter welchem Künstlernamen ist Aubrey Graham bekannt? Drake
16%
Vom wem stammt die Oper "Die Macht des Schicksals"? Giuseppe Verdi
12%
Führen Sie den Vers weiter: "Es ist 1996, meine Freundin ist weg und bräunt sich in der Südsee – Allein? Ja, mein Budget war klein
12%
Welches Album der Beatles erschien erst nach ihrer Auflösung? Let It Be
12%
Moon Safari ist der Name des Debütalbums welches französischen Electronica-Duos? Air
7%
Keine übereinstimmenden Quizze gefunden
Verteilung der Resultate
Anzahl Personen mit jedem Resultat
Perzentil nach korrekt beantworteten Fragen
Ihre Resultats-Entwicklung
Sie haben dieses Quiz noch nicht gespielt